Városellátó közös vállalat Áfész választmányi ülés Szegeden

Elmentve itt :
Bibliográfiai részletek
Dokumentumtípus: Cikk
Megjelent: 1971-11-24
Sorozat:Délmagyarország 61 No. 277
Kulcsszavak:fogyasztási és értékesítési szövetkezetek, városellátó szövetkezet
Online Access:http://dmarchiv.bibl.u-szeged.hu/108622
LEADER 00509nab a2200145 i 4500
001 delm108622
005 20190320105526.0
008 190320s1971 hu o 0|| hun d
040 |a SZTE Délmagyarország Archívum  |b hun 
041 |a hun 
245 0 0 |a Városellátó közös vállalat   |h [elektronikus dokumentum] :  |b Áfész választmányi ülés Szegeden 
260 |c 1971-11-24 
300 |a 5 
490 0 |a Délmagyarország  |v 61 No. 277 
695 |a fogyasztási és értékesítési szövetkezetek, városellátó szövetkezet